LEADER 01403nam a2200313 i 4500 001 000000333283 003 CaOOAMICUS 005 20190408113820.0 008 190408s2005 it a u000 u mul u 013 $a57071 020 $a88-452-3372-3 040 $aSeMil$bita 041 1 $aita$agrc 100 1 $aDionysius : Periegetes,$d.$0(OLS)http://semarc/name/56325 240 10$aOikoumen?s peri?g?sis.$0(OLS)http://semarc/title/422601 245 10$aDescrizione della terra abitata /$cDionisio di Alessandria ; prefazione, introduzione, traduzione, note e apparati di Eugenio Amato ; con un saggio di Filomena Coccaro Andreou. 264 1$aMilano :$bBompiani,$c2005. 300 $a374 p. :$bill. ;$c21 cm 490 0 $aBompiani Testi a fronte ;$v93 500 $aTesto greco a fronte 700 1 $aAmato, Eugenio,$d<1974- >.$0(OLS)http://semarc/name/109336 700 1 $aCoccaro Andreou, Filomena.$0(OLS)http://semarc/name/109337 830 0$aBompiani. Testi a fronte ;$v93.$0(OLS)http://semarc/title/12808 850 $aSeMil 852 $aSeMil$W1$xVenegono$y1$m2OA VII 193$j211911$B225396$CSeMilBibl$Z2$F225396 $81 996 $6020$a88-452-3372-3$9(OLS)http://semarc/number/287082 996 $6245$aDescrizione della terra abitata$9(OLS)http://semarc/title/422602 996 $6264$aMilano :$bBompiani$9(OLS)http://semarc/publisher/29706 LEADER 01450nam a2200289 i 4500 001 000000201408 003 CaOOAMICUS 005 20110428000000.0 008 110428s2010 fr u000 u fre u 013 $a180109 020 $a978-2-204-09190-9 040 $aSeMil$bita 100 1 $aZwilling, Anne-Laure.$0(OLS)http://semarc/name/72783 245 10$aFrères et soeurs dans la Bible :$bles relations fraternelles mises en récit dans l'Ancien et le Nouveau Testament /$cAnne-Laure Zwilling ; préface de Daniel Marguerat. 260 $aParis :$bLes Éditions du Cerf,$c2010. 300 $a205 p. ;$c22 cm. 490 0 $aLectio divina [Cerf] ;$v238. 650 4$aBibbia - Fratelli e sorelle - At [e] NT.$0(OLS)http://semarc/subject/37826 650 4$aBibbia - Personaggi - Fratelli e sorelle.$0(OLS)http://semarc/subject/37827 700 1 $aMarguerat, Daniel,$d<1943- >.$0(OLS)http://semarc/name/7099 830 0$aLectio divina ;$v238.$0(OLS)http://semarc/title/8 850 $aSeMil 852 $aSeMil$W1$xVenegono$y1$m2WA K 241$j151934$B151934$CSeMilBibl$Z2$F163087 $81 961 $aSottoscrizione: SODIS 996 $6020$a978-2-204-09190-9$9(OLS)http://semarc/number/194088 996 $6245$aFrères et soeurs dans la Bible :$bles relations fraternelles mises en récit dans l'Ancien et le Nouveau Testament$9(OLS)http://semarc/title/291442 996 $6260$aParis :$bLes Éditions du Cerf$9(OLS)http://semarc/publisher/29611